Fertilidad de los suelos y fertilizantes /
Guardado en:
| Autor Principal: | |
|---|---|
| Otros Autores: | |
| Formato: | Libro |
| Idioma: | Spanish |
| Publicado: |
Barcelona :
Montaner y Simon,
1970.
|
| Etiquetas: |
Agregar Etiqueta
Sin Etiquetas, Sea el primero en etiquetar este registro!
|
| LEADER | 00514nam a22001575a 4500 | ||
|---|---|---|---|
| 001 | EUN.um042835 | ||
| 003 | AR-BaUNS | ||
| 005 | 20050623122913.0 | ||
| 008 | 041125s1970####sp#a##########000#0#spa#d | ||
| 245 | 1 | 0 | |a Fertilidad de los suelos y fertilizantes / |c Samuel L. Tisdale, Werner L. Nelson. |
| 260 | |a Barcelona : |b Montaner y Simon, |c 1970. | ||
| 300 | |a 760 p. : |b ilus. ; |c 24 cm. | ||
| 100 | 1 | |a Tisdale, Samuel L. | |
| 700 | 1 | |a Nelson, Werner L. | |
| 082 | 0 | 4 | |a 631.8 |
| 859 | |a Ar-BaUNS |b BIB. CENTRAL - Sector A |h 631.8 |i T524-1 |p 81352/978 | ||
